Who wrote these famous operas? - Statistics

General Stats
  • This quiz has been taken 22 times
    16 since last reset
  • The average score is 12 of 22
Answer Stats
Opera Composer % Correct
Carmen Bizet
93%
The Marriage of Figaro Mozart
93%
La traviata Verdi
93%
La bohème Puccini
79%
Tristan und Isolde Wagner
79%
Don Giovanni Mozart
71%
Tosca Puccini
71%
Barber of Seville Rossini
71%
Die Meistersinger von Nürnberg Wagner
71%
Otello Verdi
64%
Die Walküre Wagner
57%
Falstaff Verdi
50%
Eugene Onegin Tchaikovsky
43%
Peter Grimes Britten
36%
Pelléas et Mélisande Debussy
36%
Don Carlos Verdi
36%
Wozzeck Berg
29%
L'Orfeo Monteverdi
29%
Der Rosenkavalier R. Strauss
29%
Jenůfa Janáček
21%
Giulio Cesare Handel
14%
L’incoronazione di Poppea Monteverdi
14%
No matching quizzes found
Score Distribution
Percent of People with Each Score
Percentile by Number Answered
Your Score History
You have not taken this quiz since the last reset